Normal view
MARC view
Entry Personal Name
001 - CONTROL NUMBER
- control field: 160062
003 - CONTROL NUMBER IDENTIFIER
- control field: OSt
005 - DATE AND TIME OF LATEST TRANSACTION
- control field: 20220923211244.0
008 - FIXED-LENGTH DATA ELEMENTS
- fixed length control field: 220923|| aca||aabn | a|a d
040 ## - CATALOGING SOURCE
- Original cataloging agency: OSt
- Transcribing agency: OSt
100 ## - HEADING--PERSONAL NAME
- Personal name: बुच्चिवेंक्टाचार्य, ले
670 ## - SOURCE DATA FOUND
- Source citation: Work cat.: (OSt)297744: बुच्चिवेंक्टाचार्य, ले., वेदान्तकारिकावलीः शिशिष्टाद्वैत-वेदान्त-प्रवेशिका, 2017
